000 00184 a2200097 4500
020 _a9780439202299
041 _aeng
100 _aHerman, Gail
245 _aSnack snatcher
942 _cBK
999 _c31683
_d31681